[Event "Festival della Repubblica A"]
[Site "Milano ITA"]
[Date "2011.06.01"]
[Round "1"]
[White "Astengo, Corrado"]
[Black "Bisignano, Riccardo"]
[Result "1/2-1/2"]
[WhiteElo "2073"]
[BlackElo "1918"]
[PlyCount "171"]
[EventDate "2011.06.01"]

1. e4 e5 2. Nf3 Nc6 3. Bc4 Be7 4. d4 d6 5. h3 Nf6 6. Qd3 O-O 7. O-O d5 8. Bxd5
Nb4 9. Qe2 Nbxd5 10. dxe5 Be6 11. exf6 Nxf6 12. Rd1 Qc8 13. Bg5 Re8 14. Nd4 Bd7
15. Nc3 h6 16. Bh4 c6 17. Qf3 Bd8 18. Re1 Re5 19. Rad1 g5 20. Bg3 g4 21. Qf4
Rg5 22. Bh4 Rg6 23. Nf5 Kh7 24. Bxf6 Bxf6 25. hxg4 Be6 26. e5 Bg5 27. Qf3 Qc7
28. Ne4 Rag8 29. Qh3 Bd8 30. Rxd8 Qxd8 31. Nf6+ Rxf6 32. exf6 Qxf6 33. Qd3 Rxg4
34. Nd4+ Qg6 35. Qxg6+ Rxg6 36. Nxe6 fxe6 37. f3 Kg7 38. Rd1 Rf6 39. Rd7+ Rf7
40. Rxf7+ Kxf7 41. Kf2 Kf6 42. Ke3 h5 43. Kf4 e5+ 44. Ke4 Ke6 45. g3 b6 46. b3
a6 47. b4 a5 48. bxa5 bxa5 49. a4 Kf6 50. c4 Ke6 51. c5 Kf6 52. f4 exf4 53.
Kxf4 Kg6 54. Ke5 Kg5 55. Kd6 Kg4 56. Kxc6 Kxg3 57. Kb6 h4 58. c6 h3 59. c7 h2
60. c8=Q h1=Q 61. Qc3+ Kf4 62. Qxa5 Qh6+ 63. Ka7 Qg7+ 64. Ka6 Qg6+ 65. Qb6 Qd3+
66. Qb5 Qd6+ 67. Kb7 Qe7+ 68. Ka8 Qe4+ 69. Kb8 Qe7 70. Qf1+ Kg4 71. Qc4+ Kf3
72. Qc3+ Ke2 73. a5 Qd8+ 74. Kb7 Qd7+ 75. Kb6 Qd6+ 76. Qc6 Qd4+ 77. Ka6 Qd8 78.
Qb5+ Kd1 79. Ka7 Qc7+ 80. Ka6 Qd8 81. Qb1+ Kd2 82. Qb4+ Kd1 83. Kb7 Qd7+ 84.
Kb6 Qd8+ 85. Ka7 Qc7+ 86. Ka6 1/2-1/2

[Event "Festival della Repubblica A"]
[Site "Milano ITA"]
[Date "2011.06.01"]
[Round "1"]
[White "Bemporad, Filippo"]
[Black "Guzzetti, Luigi Enrico"]
[Result "1-0"]
[WhiteElo "2052"]
[BlackElo "1909"]
[PlyCount "51"]
[EventDate "2011.06.01"]

1. d4 Nf6 2. Nf3 g6 3. c4 Bg7 4. Nc3 O-O 5. e4 d6 6. Be2 c5 7. O-O cxd4 8. Nxd4
Nc6 9. Be3 Bd7 10. Rc1 Rc8 11. b3 a6 12. Qd2 Nxd4 13. Bxd4 Bc6 14. f3 Qa5 15.
Rfd1 Qh5 16. Nd5 Bxd5 17. exd5 Bh6 18. Be3 Bxe3+ 19. Qxe3 Qf5 20. Bd3 Qd7 21.
Re1 Rc7 22. Rc2 Re8 23. Qd4 Qd8 24. Rce2 Nd7 25. h4 Nf6 26. Qxf6 1-0

[Event "Festival della Repubblica A"]
[Site "Milano ITA"]
[Date "2011.06.01"]
[Round "1"]
[White "Bisignano, Giuseppe"]
[Black "Valenti, Giuseppe"]
[Result "0-1"]
[WhiteElo "1930"]
[BlackElo "2155"]
[PlyCount "56"]
[EventDate "2011.06.01"]

1. e4 c5 2. Nf3 e6 3. d4 cxd4 4. Nxd4 a6 5. Nc3 Qc7 6. Be3 Nf6 7. a3 d6 8. Be2
b5 9. O-O Bb7 10. f3 Nbd7 11. Qe1 Be7 12. Rd1 O-O 13. Qg3 Ne5 14. Kh1 Nc4 15.
Bc1 Nxa3 16. Bd3 Nc4 17. f4 b4 18. Nd5 exd5 19. Nf5 g6 20. b3 Bd8 21. bxc4 dxc4
22. Nxd6 Qxd6 23. Bxc4 Qc7 24. Qb3 Nxe4 25. f5 Bf6 26. fxg6 hxg6 27. Rxf6 Nxf6
28. Bb2 Ng4 0-1

[Event "Festival della Repubblica A"]
[Site "Milano ITA"]
[Date "2011.06.01"]
[Round "1"]
[White "Cani, Gazmir"]
[Black "Nepi, Ezio"]
[Result "1-0"]
[WhiteElo "2123"]
[BlackElo "1924"]
[PlyCount "71"]
[EventDate "2011.06.01"]

1. d4 d5 2. c4 c6 3. Nf3 Nf6 4. Qc2 a6 5. e3 Bg4 6. Nbd2 e6 7. Bd3 Nbd7 8. O-O
Bd6 9. b3 O-O 10. Bb2 Rc8 11. Ne5 Bh5 12. c5 Bb8 13. f4 Re8 14. b4 Nf8 15. a4
N6d7 16. b5 axb5 17. axb5 f6 18. bxc6 bxc6 19. Nxd7 Qxd7 20. e4 Rc7 21. e5 f5
22. Bc3 Ra7 23. Rxa7 Bxa7 24. Qa4 Re7 25. Rb1 Be8 26. Ba6 Ng6 27. Ba5 Nxf4 28.
Rb7 Qxb7 29. Bxb7 Rxb7 30. Bb6 Bxb6 31. cxb6 Rxb6 32. g3 Ng6 33. Nb3 Rb5 34.
Nc5 Kf7 35. Qa7+ Ne7 36. Nb7 1-0

[Event "Festival della Repubblica A"]
[Site "Milano ITA"]
[Date "2011.06.01"]
[Round "1"]
[White "Gonella, Daniele"]
[Black "Lapiccirella, Daniele"]
[Result "1-0"]
[WhiteElo "2022"]
[BlackElo "2236"]
[PlyCount "63"]
[EventDate "2011.06.01"]

1. e4 c5 2. Nc3 e6 3. g3 d5 4. Bg2 Nf6 5. d3 Be7 6. f4 Nc6 7. e5 Nd7 8. Nh3 O-O
9. O-O Rb8 10. Ne2 b5 11. b3 a5 12. Bb2 Qb6 13. Kh1 b4 14. g4 Ba6 15. Qe1 c4
16. Qg3 Bc5 17. Ng5 cxd3 18. cxd3 Nd4 19. Bxd4 Bxd4 20. Rad1 Rbc8 21. Qh4 h6
22. Nf3 Be3 23. g5 Rc2 24. gxh6 g6 25. Ng3 Qd8 26. Qg4 d4 27. f5 exf5 28. Nxf5
Bb7 29. N5h4 Nxe5 30. h7+ Kh8 31. Nxe5 Qxh4 32. Nxg6+ 1-0

[Event "Festival della Repubblica A"]
[Site "Milano ITA"]
[Date "2011.06.01"]
[Round "1"]
[White "Lapiccirella, Mattia"]
[Black "Rossi, Giampiero"]
[Result "1-0"]
[WhiteElo "2212"]
[BlackElo "1943"]
[PlyCount "67"]
[EventDate "2011.06.01"]

1. d4 d5 2. c4 e6 3. Nf3 c6 4. Nbd2 Nf6 5. Qc2 Nbd7 6. g3 Be7 7. Bg2 O-O 8. O-O
b6 9. e4 Bb7 10. b3 Rc8 11. e5 Ne8 12. Bb2 Qc7 13. Rac1 Qb8 14. Qd3 Nc7 15. h4
Rfd8 16. Ng5 Bxg5 17. hxg5 Nf8 18. Qf3 Ne8 19. Rfd1 Rd7 20. cxd5 cxd5 21. Nf1
Rdc7 22. Rxc7 Rxc7 23. Ne3 Qd8 24. Qh5 Ba6 25. f4 g6 26. Qf3 Qc8 27. Qf2 Nd7
28. Bf3 Nb8 29. Qh2 Nc6 30. Qh6 Ne7 31. Ba3 Ng7 32. Ng4 Nh5 33. Bxe7 Rxe7 34.
Nf6+ 1-0

[Event "Festival della Repubblica A"]
[Site "Milano ITA"]
[Date "2011.06.01"]
[Round "1"]
[White "Moreschi, Mauro"]
[Black "Pelizzola, Danilo"]
[Result "0-1"]
[WhiteElo "1889"]
[BlackElo "2040"]
[PlyCount "196"]
[EventDate "2011.06.01"]

1. e4 c5 2. Nf3 Nc6 3. Bb5 d6 4. O-O Bd7 5. Re1 e5 6. d3 Nf6 7. Nc3 Be7 8. Bg5
h6 9. Bxf6 Bxf6 10. Nd5 g6 11. Nxf6+ Qxf6 12. Re3 O-O 13. Nd2 a6 14. Bxc6 Bxc6
15. Qf3 Qxf3 16. Rxf3 Rad8 17. Re3 f6 18. f3 Rf7 19. Ree1 d5 20. exd5 Bxd5 21.
b3 Kg7 22. a4 b6 23. Kf2 Rb7 24. Ne4 Rc7 25. Nd2 Kf7 26. Nc4 Rb8 27. Reb1 Ke6
28. Ke3 f5 29. Kd2 h5 30. Ne3 Ra8 31. c4 Bc6 32. b4 a5 33. b5 Bb7 34. Ke2 Rd8
35. Rf1 Rcd7 36. Rad1 g5 37. g3 f4 38. Nc2 Kf6 39. Ne1 Rd4 40. Nc2 R4d6 41. Ne1
Bc8 42. Rd2 Bf5 43. gxf4 exf4 44. Rf2 Rd4 45. Rf1 g4 46. Rg1 Re8+ 47. Kd1 Rf8
48. h4 g3 49. Rgg2 Rfd8 50. Ke2 R4d6 51. Rg1 Re8+ 52. Kd1 Re3 53. Kc2 Rde6 54.
Kd1 Rd6 55. Kc2 Bc8 56. Rf1 Kf5 57. Ng2 Re7 58. Kd1 Bb7 59. Kc2 Rde6 60. d4
cxd4 61. Rxd4 Re2+ 62. Rd2 Rxd2+ 63. Kxd2 Rc7 64. Kd3 Bc8 65. Rc1 Be6 66. Rc3
Ke5 67. Rc1 Bh3 68. Rg1 Rd7+ 69. Kc3 Bxg2 70. Rxg2 Re7 71. c5 bxc5 72. Kc4 Kd6
73. Rd2+ Kc7 74. Kxc5 Re5+ 75. Kd4 Re3 76. Rc2+ Kb7 77. Rc5 Rxf3 78. Rg5 Rf2
79. Kc5 Rc2+ 80. Kd4 g2 81. Rg7+ Kb6 82. Rg6+ Kc7 83. Rg7+ Kd6 84. Rg6+ Ke7 85.
b6 f3 86. b7 Rb2 87. Ke3 Rxb7 88. Kxf3 Rb4 89. Rxg2 Rxa4 90. Rg5 Ra1 91. Rxh5
Kf6 92. Rb5 a4 93. Ra5 a3 94. Ke2 a2 95. Kd2 Rh1 96. Ra6+ Ke5 97. Ra5+ Kd4 98.
Ra4+ Kc5 0-1

[Event "Festival della Repubblica A"]
[Site "Milano ITA"]
[Date "2011.06.01"]
[Round "1"]
[White "Moroni, Luca jr"]
[Black "Gongalov, Bojan"]
[Result "1/2-1/2"]
[WhiteElo "1911"]
[BlackElo "2061"]
[PlyCount "88"]
[EventDate "2011.06.01"]

1. e4 Nf6 2. e5 Nd5 3. c4 Nb6 4. d4 d6 5. exd6 exd6 6. Nc3 Be7 7. Be3 Nc6 8.
Bd3 Bf6 9. Nge2 O-O 10. O-O Re8 11. Ne4 d5 12. Nxf6+ Qxf6 13. b3 Bg4 14. Qd2
Bxe2 15. Bxe2 dxc4 16. bxc4 Rad8 17. Rad1 Qf5 18. Rfe1 Ne5 19. Qc3 Ng4 20. Bf3
c6 21. Bxg4 Qxg4 22. f3 Qf5 23. d5 cxd5 24. Bxb6 axb6 25. Rxe8+ Rxe8 26. cxd5
h5 27. d6 Qc5+ 28. Qxc5 bxc5 29. Kf2 Kf8 30. Rd5 Rd8 31. Ke3 b6 32. a4 Ke8 33.
Ke4 Kd7 34. Rxh5 Kc6 35. Kd3 Rxd6+ 36. Kc3 g6 37. Rh4 Rd1 38. Rf4 f5 39. g4 Rd5
40. h4 fxg4 41. fxg4 g5 42. hxg5 Rxg5 43. Kc4 Rg6 44. g5 Rxg5 1/2-1/2

[Event "Festival della Repubblica A"]
[Site "Milano ITA"]
[Date "2011.06.01"]
[Round "1"]
[White "Swannie, Douglas"]
[Black "Cazzaniga, Walter"]
[Result "0-1"]
[WhiteElo "1924"]
[BlackElo "2078"]
[PlyCount "62"]
[EventDate "2011.06.01"]

1. d4 Nf6 2. c4 g6 3. Nc3 Bg7 4. e4 d6 5. f4 O-O 6. Nf3 c6 7. Be2 a6 8. a4 a5
9. O-O Na6 10. Kh1 Bg4 11. e5 Nd7 12. Ng5 Bxe2 13. Qxe2 Nc7 14. e6 fxe6 15.
Nxe6 Nxe6 16. Qxe6+ Rf7 17. Ne4 Nf8 18. Qh3 Bxd4 19. Ng5 Rf5 20. g4 Rf6 21. f5
c5 22. fxg6 hxg6 23. Be3 d5 24. Bxd4 cxd4 25. c5 e5 26. Qh6 Raa6 27. h4 Rxf1+
28. Rxf1 Rf6 29. Nf3 Qe7 30. g5 Rf5 31. Kg2 d3 0-1

[Event "Festival della Repubblica A"]
[Site "Milano ITA"]
[Date "2011.06.02"]
[Round "2"]
[White "Bisignano, Riccardo"]
[Black "Moroni, Luca jr"]
[Result "0-1"]
[WhiteElo "1918"]
[BlackElo "1911"]
[PlyCount "86"]
[EventDate "2011.06.01"]

1. e4 c5 2. Nc3 d6 3. g3 e6 4. Bg2 Nc6 5. d3 g6 6. Nge2 Bg7 7. O-O Nge7 8. f4
O-O 9. g4 f5 10. g5 Qb6 11. Be3 Nd4 12. Rb1 Nxe2+ 13. Nxe2 fxe4 14. dxe4 Qc7
15. c3 a6 16. Ng3 Rb8 17. Qd2 Rd8 18. Rbd1 d5 19. Qf2 b6 20. f5 exf5 21. exd5
Be5 22. Bf4 Bxf4 23. Qxf4 Qxf4 24. Rxf4 Bb7 25. c4 Nc8 26. Ne2 Nd6 27. b3 Re8
28. Kf2 Bc8 29. Nc3 Bd7 30. a3 Re7 31. Re1 Rxe1 32. Kxe1 Re8+ 33. Kd2 Kg7 34.
b4 h6 35. h4 hxg5 36. hxg5 Rh8 37. Rf2 Nxc4+ 38. Kc1 cxb4 39. axb4 Re8 40. Bf1
Re1+ 41. Nd1 Ne3 42. Be2 Nxd1 43. Bxd1 Ba4 0-1

[Event "Festival della Repubblica A"]
[Site "Milano ITA"]
[Date "2011.06.02"]
[Round "2"]
[White "Cazzaniga, Walter"]
[Black "Lapiccirella, Mattia"]
[Result "0-1"]
[WhiteElo "2078"]
[BlackElo "2212"]
[PlyCount "104"]
[EventDate "2011.06.01"]

1. d4 Nf6 2. c4 c5 3. d5 e6 4. Nc3 exd5 5. cxd5 d6 6. Nf3 g6 7. e4 Bg7 8. h3
O-O 9. Bd3 a6 10. a4 Nbd7 11. O-O Nh5 12. Bg5 Bf6 13. Be3 Re8 14. Qd2 Rb8 15.
Rab1 Qa5 16. g4 Ng7 17. Bf4 Qc7 18. Rfe1 c4 19. Bf1 b5 20. axb5 axb5 21. b4 Ne5
22. Nxe5 dxe5 23. Bg3 Be7 24. f4 Bd6 25. f5 Qe7 26. Nd1 f6 27. fxg6 hxg6 28.
Re2 Ra8 29. Qh6 Qf7 30. Rf2 Bf8 31. Qe3 Ra6 32. Nc3 Bd7 33. Bg2 Bd6 34. Kh2 Bb8
35. Qd2 g5 36. Nd1 Qg6 37. Ne3 Ba7 38. Rff1 Bd4 39. Nf5 Nxf5 40. exf5 Qg7 41.
Bf2 Ra3 42. Bxd4 Rd3 43. Qxd3 cxd3 44. Bc5 e4 45. Rbe1 e3 46. Bxe3 Qe7 47. Bd2
Qd6+ 48. Kh1 Re2 49. Rxe2 dxe2 50. Re1 Qe5 51. Bf3 Qg3 52. Bg2 Qd3 0-1

[Event "Festival della Repubblica A"]
[Site "Milano ITA"]
[Date "2011.06.02"]
[Round "2"]
[White "Gongalov, Bojan"]
[Black "Gonella, Daniele"]
[Result "1/2-1/2"]
[WhiteElo "2061"]
[BlackElo "2022"]
[PlyCount "86"]
[EventDate "2011.06.01"]

1. Nf3 Nf6 2. g3 c5 3. Bg2 d5 4. O-O Nc6 5. d4 e6 6. c4 cxd4 7. Nxd4 Bc5 8.
Nxc6 bxc6 9. Qc2 Qc7 10. Bf4 e5 11. cxd5 cxd5 12. Be3 Bb6 13. Qxc7 Bxc7 14. Nc3
Be6 15. Nb5 Bb8 16. Bg5 Ke7 17. Rac1 Rd8 18. Rfd1 e4 19. Nc7 Bxc7 20. Rxc7+ Ke8
21. Be3 Rd7 22. Rdc1 a6 23. Bb6 Rxc7 24. Rxc7 Nd7 25. Bd4 g6 26. h3 f5 27. e3
Ke7 28. Bf1 Kd6 29. Rb7 Kc6 30. Rb3 a5 31. Bb5+ Kd6 32. Rc3 f4 33. Rc6+ Ke7 34.
gxf4 Bxh3 35. Bg7 Be6 36. Bh6 Ra7 37. Bg5+ Kf7 38. a4 Nb8 39. Rb6 Nd7 40. Rd6
Nc5 41. Bd8 Nb7 42. Bb6 Nxd6 43. Bxa7 Nxb5 1/2-1/2

[Event "Festival della Repubblica A"]
[Site "Milano ITA"]
[Date "2011.06.02"]
[Round "2"]
[White "Guzzetti, Luigi Enrico"]
[Black "Bisignano, Giuseppe"]
[Result "1-0"]
[WhiteElo "1909"]
[BlackElo "1930"]
[PlyCount "69"]
[EventDate "2011.06.01"]

1. e4 e5 2. Nf3 Nc6 3. Bb5 a6 4. Ba4 Nf6 5. O-O Be7 6. c3 b5 7. Bc2 d6 8. h3
O-O 9. Re1 Re8 10. d4 Bf8 11. Nbd2 Bd7 12. Nf1 g6 13. a4 Rb8 14. axb5 axb5 15.
Bg5 Bg7 16. Qd2 Qc8 17. Ng3 b4 18. d5 bxc3 19. bxc3 Ne7 20. c4 Kh8 21. c5 Rf8
22. c6 Be8 23. Ra7 Qd8 24. Qa5 Bxc6 25. Qxc7 Nexd5 26. exd5 Bxd5 27. Qxd8 Rfxd8
28. Rd1 Bxf3 29. gxf3 d5 30. Rxf7 Rb6 31. Ne4 Rc8 32. Nxf6 Rxc2 33. Rxd5 Bxf6
34. Bxf6+ Kg8 35. Rg7+ 1-0

[Event "Festival della Repubblica A"]
[Site "Milano ITA"]
[Date "2011.06.02"]
[Round "2"]
[White "Lapiccirella, Daniele"]
[Black "Astengo, Corrado"]
[Result "1-0"]
[WhiteElo "2236"]
[BlackElo "2073"]
[PlyCount "155"]
[EventDate "2011.06.01"]

1. d4 d5 2. c4 e6 3. Nc3 Nf6 4. cxd5 exd5 5. Bg5 Be7 6. e3 c6 7. Bd3 O-O 8. Qc2
Nbd7 9. Nf3 Re8 10. O-O Nf8 11. h3 Ne4 12. Bf4 Nxc3 13. bxc3 g6 14. c4 Bd6 15.
Bxd6 Qxd6 16. cxd5 cxd5 17. Rab1 Re7 18. Rfc1 Be6 19. Qa4 a6 20. Qa5 Rc8 21.
Rxc8 Bxc8 22. Rc1 b6 23. Qa4 b5 24. Qa5 Bb7 25. a4 bxa4 26. Qxa4 Ne6 27. g3 Rc7
28. Rb1 Bc8 29. Kg2 Kg7 30. Qa5 Rb7 31. Ra1 Rb6 32. Qc3 Rc6 33. Qb3 Rb6 34. Qc2
Rc6 35. Qd2 f6 36. Kh2 Nc7 37. Bf1 Qe6 38. Ne1 Qf5 39. Nd3 Ne6 40. g4 Ng5 41.
Qd1 Qe6 42. Bg2 Qd6+ 43. Kg1 Ne6 44. Ra5 Nc7 45. Rc5 Be6 46. Qc2 Rxc5 47. Nxc5
Bf7 48. Qb3 Ne6 49. Nd3 Nc7 50. Qb8 a5 51. Nc5 Qc6 52. Qa7 a4 53. Qxa4 Qd6 54.
Qd7 Qxd7 55. Nxd7 Be8 56. Nc5 Kf7 57. Bf1 Ke7 58. Bd3 Bb5 59. Bc2 Bc4 60. Kg2
Nb5 61. h4 Na3 62. Ba4 Be2 63. Kg3 Nc4 64. Bb3 Kd6 65. Bxc4 Bxc4 66. Kf4 h6 67.
h5 gxh5 68. gxh5 Be2 69. f3 Ke7 70. Na4 Ke6 71. Nc3 Bd3 72. Nd1 Kf7 73. Nf2 Be2
74. Ng4 Kg7 75. e4 dxe4 76. fxe4 Bb5 77. Ne3 Be8 78. Nf5+ 1-0

[Event "Festival della Repubblica A"]
[Site "Milano ITA"]
[Date "2011.06.02"]
[Round "2"]
[White "Nepi, Ezio"]
[Black "Moreschi, Mauro"]
[Result "1-0"]
[WhiteElo "1924"]
[BlackElo "1889"]
[PlyCount "51"]
[EventDate "2011.06.01"]

1. d4 b5 2. e4 Bb7 3. Nd2 a6 4. Bd3 e6 5. Ngf3 c5 6. c3 c4 7. Bc2 d6 8. Qe2 Be7
9. O-O Nd7 10. Re1 Qc7 11. Nf1 e5 12. Ne3 Bf6 13. Nd5 Bxd5 14. exd5 Ne7 15.
dxe5 Nxe5 16. Nxe5 Bxe5 17. Bg5 f6 18. Bh4 Nxd5 19. Qe4 Qc6 20. f4 Kf7 21. fxe5
dxe5 22. Qf3 Qe6 23. Bf5 Qb6+ 24. Bf2 Qd6 25. Rad1 Rad8 26. Be4 1-0

[Event "Festival della Repubblica A"]
[Site "Milano ITA"]
[Date "2011.06.02"]
[Round "2"]
[White "Pelizzola, Danilo"]
[Black "Cani, Gazmir"]
[Result "1-0"]
[WhiteElo "2040"]
[BlackElo "2123"]
[PlyCount "89"]
[EventDate "2011.06.01"]

1. e4 c5 2. Nf3 e6 3. d4 cxd4 4. Nxd4 a6 5. g3 Nf6 6. Bg2 Qc7 7. O-O Be7 8. b3
O-O 9. Bb2 d6 10. c4 Bd7 11. Nc3 Nc6 12. Rc1 Rac8 13. Nd5 exd5 14. cxd5 Qa5 15.
dxc6 bxc6 16. Bc3 Qb6 17. Qd2 Rfe8 18. Rfe1 Ng4 19. h3 Ne5 20. f4 Ng6 21. Ba5
Qa7 22. Kh2 Bf8 23. Nf3 h6 24. Rcd1 Rb8 25. Bf1 Qb7 26. Bc3 Ne7 27. f5 Nc8 28.
Bd3 c5 29. Qf4 Bc6 30. Nh4 Nb6 31. Qg4 Nd7 32. f6 g5 33. Nf3 Ne5 34. Bxe5 dxe5
35. h4 Bd7 36. Qh5 g4 37. Nxe5 Rxe5 38. Qxe5 Re8 39. Qf4 Qb4 40. Bc4 Bc8 41.
Qc7 Be6 42. Bxe6 Rxe6 43. Qf4 Qb6 44. Qxg4+ Kh8 45. e5 1-0

[Event "Festival della Repubblica A"]
[Site "Milano ITA"]
[Date "2011.06.02"]
[Round "2"]
[White "Rossi, Giampiero"]
[Black "Swannie, Douglas"]
[Result "0-1"]
[WhiteElo "1943"]
[BlackElo "1924"]
[PlyCount "52"]
[EventDate "2011.06.01"]

1. d4 d5 2. c4 e5 3. dxe5 d4 4. Nf3 Nc6 5. g3 Be6 6. Nbd2 Qd7 7. Bg2 O-O-O 8.
O-O h5 9. a3 h4 10. b4 hxg3 11. fxg3 Bh3 12. Rf2 Bxg2 13. Rxg2 f6 14. exf6 Nxf6
15. Bb2 Ng4 16. Nf1 d3 17. exd3 Qxd3 18. Qe2 Qd7 19. Re1 a5 20. b5 Bc5+ 21. Kh1
Nb8 22. Ne5 Nxe5 23. Bxe5 Rhe8 24. Qb2 Bd4 25. Qxd4 Qxd4 26. Bxd4 Rxe1 0-1

[Event "Festival della Repubblica A"]
[Site "Milano ITA"]
[Date "2011.06.02"]
[Round "2"]
[White "Valenti, Giuseppe"]
[Black "Bemporad, Filippo"]
[Result "0-1"]
[WhiteElo "2155"]
[BlackElo "2052"]
[PlyCount "100"]
[EventDate "2011.06.01"]

1. e4 c5 2. Nf3 d6 3. d4 cxd4 4. Nxd4 Nf6 5. Nc3 e6 6. Be2 Be7 7. O-O O-O 8.
Kh1 Nc6 9. Be3 Qc7 10. Ndb5 Qb8 11. a4 Bd7 12. g4 a6 13. Na3 d5 14. exd5 Nxd5
15. Nxd5 exd5 16. c3 Re8 17. Nc2 Ne5 18. f4 Ng6 19. Bf3 Qd6 20. Bxd5 Bxg4 21.
Bxf7+ Kxf7 22. Qxg4 Qd3 23. f5 Ne5 24. Qg2 Rad8 25. Bd4 Bf6 26. Rad1 Qc4 27.
Qxb7+ Rd7 28. Qg2 Qxa4 29. Ne3 Qc6 30. Bxe5 Qxg2+ 31. Kxg2 Rxd1 32. Rxd1 Bxe5
33. Rd7+ Kf6 34. Ra7 Bf4 35. Rxa6+ Kg5 36. Re6 Rb8 37. b4 Ra8 38. Re7 Ra2+ 39.
Kf3 Rxh2 40. Rxg7+ Kf6 41. Rd7 Bxe3 42. Kxe3 Kxf5 43. b5 h5 44. Rd2 Rh1 45. Rb2
Ke5 46. b6 Rh3+ 47. Kd2 Rh2+ 48. Kc1 Rxb2 49. Kxb2 Kd6 50. Kb3 Kc6 0-1

[Event "Festival della Repubblica A"]
[Site "Milano ITA"]
[Date "2011.06.02"]
[Round "3"]
[White "Astengo, Corrado"]
[Black "Guzzetti, Luigi Enrico"]
[Result "1/2-1/2"]
[WhiteElo "2073"]
[BlackElo "1909"]
[PlyCount "43"]
[EventDate "2011.06.01"]

1. e4 c5 2. Nf3 e6 3. d4 cxd4 4. Nxd4 a6 5. Nc3 Qc7 6. Bd3 Nf6 7. O-O Be7 8.
Kh1 Nc6 9. Be3 O-O 10. f4 d6 11. Qe2 Bd7 12. Rae1 e5 13. fxe5 dxe5 14. Nf5 Bxf5
15. Rxf5 Rad8 16. Ref1 Nd4 17. Bxd4 Rxd4 18. Qf2 Rb4 19. Rxf6 Bxf6 20. Nd5 Qd6
21. Nxb4 Qxb4 22. b3 1/2-1/2

[Event "Festival della Repubblica A"]
[Site "Milano ITA"]
[Date "2011.06.02"]
[Round "3"]
[White "Bemporad, Filippo"]
[Black "Gonella, Daniele"]
[Result "1-0"]
[WhiteElo "2052"]
[BlackElo "2022"]
[PlyCount "59"]
[EventDate "2011.06.01"]

1. d4 d5 2. Nf3 Nf6 3. c4 e6 4. g3 c5 5. Bg2 Nc6 6. O-O dxc4 7. Qa4 cxd4 8.
Nxd4 Qxd4 9. Bxc6+ Bd7 10. Bxd7+ Qxd7 11. Qxc4 Rc8 12. Qb3 Bc5 13. Nc3 O-O 14.
Bg5 Ng4 15. Rad1 Qc6 16. Qa4 Qxa4 17. Nxa4 Bb4 18. Rd4 Nxf2 19. Rxf2 Ba5 20.
Bd2 Bc7 21. e3 Be5 22. Rd3 b5 23. Nc3 a6 24. Be1 b4 25. Nd1 Rc4 26. b3 Re4 27.
Nb2 Bf6 28. Nc4 a5 29. Nxa5 Re5 30. Bxb4 1-0

[Event "Festival della Repubblica A"]
[Site "Milano ITA"]
[Date "2011.06.02"]
[Round "3"]
[White "Bisignano, Giuseppe"]
[Black "Bisignano, Riccardo"]
[Result "1/2-1/2"]
[WhiteElo "1930"]
[BlackElo "1918"]
[PlyCount "47"]
[EventDate "2011.06.01"]

1. e4 e5 2. Nf3 Nc6 3. Bb5 Nf6 4. O-O Nxe4 5. d4 Nd6 6. Bxc6 dxc6 7. Nxe5 Be7
8. Re1 O-O 9. Nc3 Nf5 10. d5 Bc5 11. Ne4 Bb6 12. dxc6 Qh4 13. g3 Qe7 14. Nd7
Bxd7 15. cxd7 Rad8 16. Bg5 f6 17. Nxf6+ gxf6 18. Rxe7 Nxe7 19. Bh6 Rf7 20. Qg4+
Ng6 21. Re1 Rfxd7 22. Re8+ Rxe8 23. Qxd7 Re7 24. Qd5+ 1/2-1/2

[Event "Festival della Repubblica A"]
[Site "Milano ITA"]
[Date "2011.06.02"]
[Round "3"]
[White "Lapiccirella, Mattia"]
[Black "Pelizzola, Danilo"]
[Result "1-0"]
[WhiteElo "2212"]
[BlackElo "2040"]
[PlyCount "63"]
[EventDate "2011.06.01"]

1. d4 Nf6 2. Nf3 e6 3. c4 b6 4. g3 Bb7 5. Bg2 Bb4+ 6. Bd2 Bxd2+ 7. Nbxd2 d6 8.
O-O Nbd7 9. Qc2 Qe7 10. Rfd1 O-O 11. Rac1 Rfe8 12. Nf1 a5 13. Ne3 Be4 14. Qc3
g6 15. Bh3 Bxf3 16. exf3 Qf8 17. b3 Re7 18. a3 Qg7 19. Bg2 Rf8 20. b4 axb4 21.
axb4 e5 22. dxe5 Rxe5 23. f4 Re7 24. Qa3 Nb8 25. c5 dxc5 26. bxc5 Nbd7 27. cxb6
Rxe3 28. fxe3 cxb6 29. Qb3 Nc5 30. Qxb6 Ne6 31. Bh3 Re8 32. Rc6 1-0

[Event "Festival della Repubblica A"]
[Site "Milano ITA"]
[Date "2011.06.02"]
[Round "3"]
[White "Moreschi, Mauro"]
[Black "Rossi, Giampiero"]
[Result "1/2-1/2"]
[WhiteElo "1889"]
[BlackElo "1943"]
[PlyCount "88"]
[EventDate "2011.06.01"]

1. e4 c5 2. Nf3 e6 3. c3 d5 4. Bb5+ Bd7 5. Bxd7+ Qxd7 6. exd5 Qxd5 7. O-O Nf6
8. d4 Nc6 9. dxc5 Qxd1 10. Rxd1 Bxc5 11. Bg5 Ne4 12. Bh4 g5 13. Nxg5 Bxf2+ 14.
Bxf2 Nxg5 15. Na3 Ne4 16. Nb5 Nxf2 17. Kxf2 Ke7 18. Nd4 Nxd4 19. cxd4 Rac8 20.
Rac1 Kd6 21. Ke3 Kd5 22. g4 Rhg8 23. g5 b6 24. h4 a5 25. Rf1 Rxc1 26. Rxc1 h6
27. Kf4 hxg5+ 28. hxg5 f6 29. gxf6 Rg6 30. Ke3 Rxf6 31. Rc8 Rh6 32. Rd8+ Kc6
33. Kd3 Rh4 34. Kc3 Rh3+ 35. Kc2 Rh5 36. a4 b5 37. axb5+ Rxb5 38. Kc3 Rd5 39.
Re8 Kd7 40. Ra8 Ke7 41. Rc8 Kf6 42. Rf8+ Kg5 43. b3 Rf5 44. Rg8+ Kf6 1/2-1/2

[Event "Festival della Repubblica A"]
[Site "Milano ITA"]
[Date "2011.06.02"]
[Round "3"]
[White "Moroni, Luca jr"]
[Black "Lapiccirella, Daniele"]
[Result "1/2-1/2"]
[WhiteElo "1911"]
[BlackElo "2236"]
[PlyCount "71"]
[EventDate "2011.06.01"]

1. e4 c5 2. Nf3 e6 3. d4 cxd4 4. Nxd4 Nc6 5. Nc3 a6 6. Be2 Qc7 7. O-O Nf6 8.
Be3 Bb4 9. Na4 Be7 10. Nxc6 bxc6 11. Nb6 Rb8 12. Nxc8 Qxc8 13. Bd4 O-O 14. f3
c5 15. Be5 Rb6 16. b3 d6 17. Bb2 Nd7 18. f4 Bf6 19. Bxf6 Nxf6 20. Bf3 e5 21. g3
Re8 22. Re1 c4 23. Qd2 Rc6 24. Rad1 cxb3 25. cxb3 Qc7 26. Rc1 Rc8 27. Rxc6 Qxc6
28. Rd1 Nxe4 29. Bxe4 Qxe4 30. Qxd6 Qe3+ 31. Kh1 h6 32. fxe5 Rc2 33. Qd8+ Kh7
34. Qd3+ Qxd3 35. Rxd3 Rxa2 36. Rd6 1/2-1/2

[Event "Festival della Repubblica A"]
[Site "Milano ITA"]
[Date "2011.06.02"]
[Round "3"]
[White "Nepi, Ezio"]
[Black "Cazzaniga, Walter"]
[Result "1/2-1/2"]
[WhiteElo "1924"]
[BlackElo "2078"]
[PlyCount "69"]
[EventDate "2011.06.01"]

1. d4 Nf6 2. c4 g6 3. Nc3 Bg7 4. e4 d6 5. Bd3 O-O 6. Nge2 e5 7. d5 c5 8. O-O
Na6 9. Ng3 Nc7 10. Rb1 h5 11. Bg5 Qe8 12. f4 Nh7 13. Qd2 f6 14. Bh4 Bh6 15.
Nge2 Bd7 16. Bf2 exf4 17. Nxf4 g5 18. Nfe2 f5 19. exf5 Bxf5 20. Ng3 g4 21. Qxh6
Bxd3 22. Nxh5 Qf7 23. Ng3 Bxf1 24. Rxf1 Ne8 25. Bd4 Qe7 26. Rxf8+ Qxf8 27. Qg6+
Ng7 28. Bxg7 Qxg7 29. Qxd6 Qd4+ 30. Kh1 Re8 31. Qg6+ Kf8 32. Qd6+ Kf7 33. Qd7+
Kf8 34. Qd6+ Kg7 35. Qd7+ 1/2-1/2

[Event "Festival della Repubblica A"]
[Site "Milano ITA"]
[Date "2011.06.02"]
[Round "3"]
[White "Swannie, Douglas"]
[Black "Valenti, Giuseppe"]
[Result "1-0"]
[WhiteElo "1924"]
[BlackElo "2155"]
[PlyCount "68"]
[EventDate "2011.06.01"]

1. d4 Nf6 2. c4 e6 3. Nc3 c5 4. d5 exd5 5. cxd5 d6 6. e4 g6 7. f4 Bg7 8. Bb5+
Nfd7 9. Bd3 O-O 10. Nf3 Re8 11. O-O Na6 12. Kh1 Nc7 13. a4 a6 14. Nd2 Rb8 15.
Nc4 Nf6 16. a5 Nb5 17. Qf3 Nxc3 18. bxc3 Ng4 19. Bd2 f5 20. exf5 Bxf5 21. Bxf5
gxf5 22. Rae1 Qd7 23. Rxe8+ Rxe8 24. Re1 Rxe1+ 25. Bxe1 Qe7 26. Bd2 Qh4 27. h3
Nf2+ 28. Kg1 Ne4 29. Qe3 Qf6 30. g4 h6 31. Be1 Qg6 32. Kg2 fxg4 33. h4 Qf5 34.
Nb6 Qxd5 1-0